Skład Bayernu Monachium na sezon 2019/2020 - Statystyki

Ogólne statystyki
  • Ten quiz został rozwiązany 207 razy
  • Średni wynik to 15 z 23
Statystyki odpowiedzi
Pozycja Nazwisko % Poprawnych
Bramkarz Manuel Neuer
98%
Napastnik Robert Lewandowski
98%
Pomocnik Joshua Kimmich
88%
Pomocnik Thomas Muller
88%
Obrońca Jerome Boateng
87%
Skrzydłowy Serge Gnabry
86%
Skrzydłowy Kingsley Coman
81%
Obrońca Alphonso Davies
77%
Obrońca David Alaba
77%
Obrońca Niklas Sule
74%
Pomocnik Thiago Alcantara
73%
Pomocnik Leon Goretzka
71%
Obrońca Benjamin Pavard
68%
Obrońca Lucas Hernandez
68%
Trener Hans-Dieter Flick
58%
Bramkarz Sven Ulreich
58%
Pomocnik Philippe Coutinho
57%
Pomocnik Javi Martinez
49%
Pomocnik Corentin Tolisso
46%
Skrzydłowy Ivan Perisic
40%
Napastnik Jann-Fiete Arp
28%
Skrzydłowy Joshua Zirkzee
26%
Obrońca Alvaro Odriozola
19%
Nie znaleziono quizów pasujących do podanych kryteriów
Rozkład punktacji
Procent ludzi z każdym wynikiem
Percentyl według liczby udzielonych odpowiedzi
Twoja historia wyników
Nie rozwiązałeś tego quizu